Hechos extraños a la luz de la ciencia y de la fe: ocultismo, adivinación, curanderismo, satanismo y posesión diabólica
Spremljeno u:
| Glavni autor: | |
|---|---|
| Format: | Knjiga |
| Jezik: | španjolski |
| Izdano: |
Bogotá
CELAM
1997
|
| Izdanje: | 1a. ed |
| Serija: | Colección Autores, 12
|
| Teme: | |
| Oznake: |
Dodaj oznaku
Bez oznaka, Budi prvi tko označuje ovaj zapis!
|
MARC
| LEADER | 00000nam a2200000 a 4500 | ||
|---|---|---|---|
| 001 | UCK0560 | ||
| 003 | CL-VaPUC | ||
| 008 | 041015e19970300CK |||||||||||||||||spa|d | ||
| 020 | |a 9586253570 | ||
| 082 | 0 | 4 | |a 291.3 |b VEL |2 21 |
| 100 | 0 | |a Vélez Correa, Jaime |e author |9 488495 | |
| 245 | 1 | 0 | |a Hechos extraños a la luz de la ciencia y de la fe: ocultismo, adivinación, curanderismo, satanismo y posesión diabólica |
| 250 | |a 1a. ed | ||
| 300 | |a 142 p | ||
| 942 | |c BK | ||
| 945 | |d 20041015 00:00:00 |a vberengu | ||
| 260 | |a Bogotá |b CELAM |c 1997 | ||
| 650 | 7 | |a PARAPSICOLOGIA |2 CL-VaPUC |9 309534 | |
| 650 | 7 | |a ESOTERISMO |2 CL-VaPUC |9 369448 | |
| 650 | 0 | |a Ocultismo |9 265006 | |
| 650 | 7 | |a SUPERSTICION |2 CL-VaPUC |9 335331 | |
| 650 | 0 | |a Creencias religiosas |9 373391 | |
| 583 | |a last modification |c 20041015 00:00:00 |k Rodrigo Vera | ||
| 490 | 0 | |a Colección Autores, 12 | |
| 999 | |c 310936 |d 310934 | ||
| 952 | |0 0 |1 0 |4 0 |6 291_300000000000000_VEL_1997 |7 0 |8 A |9 380020 |a BIBTEO |b BIBTEO |d 2019-11-21 |i 4069641 |o 291.3 VEL 1997 |p 4069641 |r 2024-01-18 |w 2019-11-21 |y BK |k ICR | ||